| 000 | 00453nam a2200193Ia 4500 | ||
|---|---|---|---|
| 003 | OSt | ||
| 005 | 20260221102437.0 | ||
| 008 | 210210b1945 xxu||||| |||| 00| 0 eng d | ||
| 040 | _cAL | ||
| 041 | _aeng | ||
| 082 | _a829/497 | ||
| 100 |
_aHadath G _9256248 |
||
| 245 | _aBridgehead | ||
| 260 |
_aLondon _bOxford University Press _c1945 |
||
| 650 |
_aBridgehead _9256249 |
||
| 690 |
_aEnglish Fiction _9256250 |
||
| 906 | _a017097 | ||
| 942 |
_2ddc _cBK |
||
| 999 |
_c137055 _d137055 |
||